Accuracy of models predicting corporate bankruptcy in a selected industry branch

Overenie vypovedacej schopnosti a predností desiatok modelov predikcie finančnej tiesne. Modely, ktoré sú hodnotené, boli vytvorené ako vo vysoko rozvinutých krajinách, tak aj – a to predovšetkým – v ekonomikách tranzitívnych. Vysoká pravdepodobnosť bankrotu neovlyvňuje len samotnú firmu, ale má vp...

ver descrição completa

Na minha lista:
Detalhes bibliográficos
Autor principal: Čámská, Dagmar
Formato: Capítulo de Livro
Idioma:inglês
Assuntos:
Tags: Adicionar Tag
Sem tags, seja o primeiro a adicionar uma tag!

MARC

LEADER 00000naa a2200000 4500
001 0219235
005 20221019173847.6
041 0 |a eng 
044 |a SK 
245 1 0 |a Accuracy of models predicting corporate bankruptcy in a selected industry branch  |c Dagmar Čámská 
520 |a Overenie vypovedacej schopnosti a predností desiatok modelov predikcie finančnej tiesne. Modely, ktoré sú hodnotené, boli vytvorené ako vo vysoko rozvinutých krajinách, tak aj – a to predovšetkým – v ekonomikách tranzitívnych. Vysoká pravdepodobnosť bankrotu neovlyvňuje len samotnú firmu, ale má vplyv aj na obchodných partnerov a ďalšie osoby, a preto výsledky poskytované modelmi predikce finančnej tiesne majú významné použitie v podobe scoringu. 
610 2 0 |a bankrot 
610 2 0 |a Česko 
610 2 0 |a krajiny tranzitívne 
610 2 0 |a analýza finančná 
610 2 0 |a predvídanie 
100 1 |a Čámská, Dagmar